Contribución al estudio del usus, la habitatio y las operae servorum
Wedi'i Gadw mewn:
| Prif Awdur: | |
|---|---|
| Fformat: | Llyfr |
| Iaith: | Sbaeneg |
| Cyhoeddwyd: |
Cádiz
Universidad de Cádiz
1995
|
| Pynciau: | |
| Tagiau: |
Ychwanegu Tag
Dim Tagiau, Byddwch y cyntaf i dagio'r cofnod hwn!
|
MARC
| LEADER | 00000nam a2200000 a 4500 | ||
|---|---|---|---|
| 001 | UCR1006 | ||
| 003 | CL-VaPUC | ||
| 008 | 971205e19950000SP |||||||||||||||||spa|d | ||
| 082 | 0 | 4 | |a 340.5401 |b GAR |2 21 |
| 100 | 0 | |a García Vázquez, Carmen |e author |9 397729 | |
| 245 | 1 | 0 | |a Contribución al estudio del usus, la habitatio y las operae servorum |
| 300 | |a 172 p | ||
| 942 | |c BK | ||
| 945 | |d 19971205 00:00:00 |a aolguin | ||
| 260 | |a Cádiz |b Universidad de Cádiz |c 1995 | ||
| 650 | 0 | |a Derecho romano |9 255930 | |
| 650 | 0 | |a Instituciones jurídicas |9 380718 | |
| 650 | 0 | |a Propiedad |9 255268 | |
| 650 | 7 | |a FUENTES |2 CL-VaPUC |9 255666 | |
| 650 | 7 | |a CASUISTICA |2 CL-VaPUC |9 397730 | |
| 650 | 0 | |a Esclavos |9 258558 | |
| 650 | 7 | |a FUNDOS |2 CL-VaPUC |9 397731 | |
| 650 | 0 | |a Bienes |9 255749 | |
| 650 | 7 | |a LIMITACIONES |2 CL-VaPUC |9 384501 | |
| 650 | 0 | |a Vivienda |9 258662 | |
| 583 | |a last modification |c 19971205 00:00:00 |k Rodrigo Vera | ||
| 999 | |c 264501 |d 264499 | ||
| 952 | |0 0 |1 0 |4 0 |6 340_540100000000000_GAR_1995 |7 0 |8 DER_ROM |9 294784 |a BIBDER |b BIBDER |d 2019-11-19 |i 1909681 |o 340.5401 GAR 1995 |p 1909681 |r 2023-01-25 |w 2019-11-19 |x Ubicación 4to piso |y BK |z Este recurso debe solicitarse con anticipación |k DER | ||